Nimble Number Logic Puzzle IV Quiz Stats

 Plays Quiz Updated Jul 18, 2014

Support Sporcle.
Go Orange.
Score 0/25 Timer 20:00
33 Plays Today
% Correct




A
???
100%




K
???
84.1%




U
???
82.6%




L
???
61%




P
???
60.8%




F
???
59.3%




G
???
49.3%




B
???
44.3%




C
???
37.9%




R
???
32.7%




W
???
31.6%




Q
???
30.7%




E
???
30%
% Correct




D
???
30%




H
???
29.8%




V
???
26.8%




S
???
26.2%




N
???
21.9%




T
???
19.8%




O
???
14.9%




J
???
14.9%




M
???
14.4%




I
???
14.2%




X
???
13%




Y
???
12.3%

You're not logged in!

Compare scores with friends on all Sporcle quizzes.
OR
Log In

From the Vault

Double C Words

by caramba

Stat! Give yourself 20 cc's, be a cool cat, and have some success with this little quiz.
Remove Ads.
Support Sporcle.
Get the best of Sporcle when you Go Orange. This ad-free experience offers more features, more stats, and more fun while also helping to support Sporcle. Thank you for becoming a member.

Show Comments

Extras

Top Quizzes Today


Score Distribution

Your Account Isn't Verified!

In order to create a playlist on Sporcle, you need to verify the email address you used during registration. Go to your Sporcle Settings to finish the process.

Report this User

Report this user for behavior that violates our Community Guidelines.

Details: